Temple bar.

Bibliographic Details
Previous Title:Bentley's miscellany
Format: Journal
Language:English
Published: [London] : [New York] : [Ward and Lock] ; [Willmer and Rogers], 1861-
Online Availability: Check for online availability

MARC

Tag First Indicator Second Indicator Subfields
LEADER 00000cas a2200000Ka 4500
001 in00002787949
005 20151202171653.0
006 m o d
007 cr bn||||||abp
007 cr bn||||||ada
008 100318d18601906enkmr poo 0 a0eng d
022 |y 1751-9063 
035 |a (OCoLC)ocn560343621 
035 |a (OCoLC)560343621 
040 |a OCLCE  |b eng  |c OCLCE  |d OCLCQ  |d TXA  |d UtOrBLW 
042 |a dlr 
049 |a TXAM 
050 4 |a AP4  |b .T4 Electronic 
082 0 4 |a 052  |b T284 
245 0 0 |a Temple bar. 
264 1 |a [London] :  |b [Ward and Lock] ;  |a [New York] :  |b [Willmer and Rogers],  |c 1861- 
310 |a Monthly 
336 |a text  |b txt  |2 rdacontent 
337 |a computer  |b c  |2 rdamedia 
338 |a online resource  |b cr  |2 rdacarrier 
362 0 |a Vol. 1 (Dec. 1860)-[134] (Dec. 1906). 
500 |a "A London magazine for town and country readers." 
506 |3 Use copy  |f Restrictions unspecified  |2 star  |5 MiAaHDL 
515 |a Vols. 133-134, Jan.-Dec. 1906, are called "New ser., v. 1-2." 
533 |a Electronic reproduction.  |b [S.l.] :  |c HathiTrust Digital Library,  |d 2010.  |5 MiAaHDL 
583 1 |a digitized  |c 2010  |h HathiTrust Digital Library  |l committed to preserve  |2 pda  |5 MiAaHDL 
588 |a Description based on print version record; title from caption. 
500 |a Electronic resource. 
776 0 8 |i Print version:  |t Temple bar  |x 1751-9063  |w (DLC)sn 77010173  |w (OCoLC)1640150 
780 0 5 |t Bentley's miscellany  |g 1869 
948 |a cataloged  |b h  |c 2012/12/4  |d c  |e spoltoratski  |f 12:35:30 pm  |g sc 
994 |a C0  |b TXA 
999 |a MARS 
999 f f |s 419563e9-72ad-38ef-8449-6650ea07337c  |i 54cccf7e-6d28-3d84-af20-b839caf1355c  |t 0 
952 f f |a Texas A&M University  |b College Station  |c Electronic Resources  |d Available Online  |t 0  |e AP4 .T4  |g Electronic  |h Library of Congress classification 
998 f f |a AP4 .T4  |t 0  |l Available Online